| 000 | 00608nam a22002177a 4500 | ||
|---|---|---|---|
| 008 | 151007b xxu||||| |||| 00| 0 eng d | ||
| 020 | _a0070293384 | ||
| 041 | 0 | _aeng | |
| 080 | _a159.9 | ||
| 100 | 1 | _aHoffman, Lois Norma Wladis, | |
| 245 | 1 | 0 |
_aDevelopmental psychology today / _cLois Hoffman, Scott Paris, Elizabeth Hall. |
| 250 | _a6th ed. | ||
| 260 |
_aNew York : _bMcGraw-Hill, _c1994. |
||
| 300 |
_axix, 652 f. : _bme il.; _c29 cm. |
||
| 650 | 0 | _aZhvillimi | |
| 650 | 0 | _aPsikologji | |
| 700 | 1 | _aParis, Scott G., | |
| 700 | 1 | _aHall, Elizabeth, | |
| 700 | 1 | _aSchell, Robert E. | |
| 942 |
_2udc _cBK |
||
| 999 |
_c1230 _d1230 |
||